Windows 2000 active directory (Record no. 37066)

MARC details
000 -LEADER
fixed length control field 00460nam a2200181Ia 4500
020 ## - INTERNATIONAL STANDARD BOOK NUMBER
ISBN 1-56592-638-2
050 ## - CALL MARK
Classification number QA 76.76.O93 L69/
100 ## - STATEMENT OF RESPONSIBILITY--MAIN AUTHOR NAME
Personal name Lowe-Norris, Alistair G.
245 #0 - TITLE STATEMENT
Title Windows 2000 active directory
260 ## - PUBLICATION, DISTRIBUTION, ETC. (IMPRINT)
Place of publication Beijing
260 ## - PUBLICATION, DISTRIBUTION, ETC. (IMPRINT)
Name of publisher O'Reilly & Associates, Inc.
260 ## - PUBLICATION, DISTRIBUTION, ETC. (IMPRINT)
Year of publication 2000
300 ## - PHYSICAL DESCRIPTION
Number of Pages 621 p
650 ## - SUBJECT ADDED ENTRY--TOPICAL TERM
Topical Term Active Directory overview
942 ## - ADDED ENTRY ELEMENTS (KOHA)
Koha item type Books
Holdings
Withdrawn status Lost status Source of classification or shelving scheme Damaged status Not for loan Permanent Location Current Location Date acquired Accession Number Price effective from Koha item type
    Library of Congress Classification     NILE UNIVERSITY OF NIGERIA - MAIN LIBRARY NILE UNIVERSITY OF NIGERIA - MAIN LIBRARY 04/23/2025 0007381 04/23/2025 Books